[Event "Szirak Interzonal"]
[Site "Szirak"]
[Date "1987.??.??"]
[Round "14"]
[White "Salov, Valery"]
[Black "Velimirovic, Dragoljub"]
[Result "1-0"]
[WhiteElo "2575"]
[BlackElo "2520"]
[Annotator "Ftacnik,L"]
[PlyCount "91"]
[EventDate "1987.07.??"]
[EventType "tourn"]
[EventRounds "17"]
[EventCountry "HUN"]
[EventCategory "12"]
[Source "ChessBase"]
[SourceDate "1988.04.01"]
[WhiteTeamCountry "YUG"]
[BlackTeamCountry "AUT"]

1. d4 Nf6 2. Nf3 g6 3. c4 Bg7 4. Nc3 d6 5. e4 c5 6. Be2 O-O 7. O-O cxd4 8. Nxd4
Nc6 9. Be3 Bd7 10. Qd2 (10. Rc1 $5 Nxd4 11. Bxd4 Bh6 $5 $13) 10... Nxd4 11.
Bxd4 Bc6 12. f3 a5 13. Kh1 Nd7 14. Bxg7 (14. Be3 $142 $1 {/\b3,a3,b3-b4}) 14...
Kxg7 15. f4 f6 $5 (15... a4) 16. Rad1 (16. Bg4 Nc5 17. Rae1 $14) 16... Nc5 17.
Qd4 (17. Qe3 $5 Qb6 $132 (17... e5 $2 18. f5 $16)) 17... b6 (17... Qb6 $142 $1
$13) 18. Bf3 {/\ e5} Qb8 19. Rd2 Ra7 {/\ Rd7, e5} 20. Bg4 h5 21. Bf3 Rd7 22.
Qe3 $1 $16 (22. f5 g5 23. Bxh5 Rh8 24. g4 $14) 22... Qb7 23. h4 $1 {>< h5} Rdd8
24. Kg1 e5 25. f5 Qf7 26. Nd5 Bxd5 27. Rxd5 Rd7 28. Rfd1 Rfd8 29. b3 {/\ a3, b4
} Rc7 $5 30. Rxd6 Rcd7 31. R6d5 Rxd5 32. Rxd5 Rxd5 33. cxd5 gxf5 34. exf5 Qd7 (
34... e4 35. Bxe4 Qe7 36. Qg3+ $18) 35. Bxh5 Qxf5 $2 (35... Qxd5 $142 36. Be2
$16) 36. Qg3+ Kh6 37. Bg4 Qe4 38. d6 $1 Qd4+ 39. Kh2 Ne4 (39... Qxd6 40. Bf5
$18) 40. Qf3 Kg7 41. d7 $18 Nc5 42. Qf5 e4 43. h5 Qd6+ 44. Kh1 Kh8 45. h6 Qe7
46. Qd5 1-0

[Event "Szirak Interzonal"]
[Site "Szirak"]
[Date "1987.??.??"]
[Round "16"]
[White "Beliavsky, Alexander"]
[Black "Velimirovic, Dragoljub"]
[Result "1-0"]
[WhiteElo "2630"]
[BlackElo "2520"]
[Annotator "Ftacnik,L"]
[PlyCount "69"]
[EventDate "1987.07.??"]
[EventType "tourn"]
[EventRounds "17"]
[EventCountry "HUN"]
[EventCategory "12"]
[Source "ChessBase"]
[SourceDate "1988.04.01"]
[WhiteTeamCountry "YUG"]
[BlackTeamCountry "AUT"]

1. e4 c5 2. Nf3 d6 3. d4 cxd4 4. Nxd4 Nf6 5. Nc3 g6 6. Be3 Bg7 7. f3 Nc6 8. Qd2
O-O 9. Bc4 Qa5 10. O-O-O Bd7 11. h4 Rfc8 12. Bb3 Ne5 13. g4 Nc4 14. Bxc4 Rxc4
15. Nb3 $5 (15. h5 Rxc3 16. Qxc3 Qxa2 17. Qb3) 15... Qa6 16. e5 Nxg4 $1 (16...
Ne8 17. h5 Bxe5 18. hxg6 fxg6 19. Bd4 $40) 17. fxg4 Bxg4 18. Rde1 $6 (18. exd6
Bxc3 19. bxc3 Qa3+ 20. Kb1 Bxd1 21. d7 $1 Bxc2+ (21... Rd8 22. Rxd1 Rc7 (22...
Ra4 23. Bc5 Qxa2+ 24. Kc1 $16) 23. Qh2 Rcxd7 24. Rxd7 Rxd7 25. Qb8+ Kg7 26.
Bd4+ f6 27. Qe8 Rd5 28. Nc5 $16) 22. Qxc2 Rd8 23. Rd1 (23. h5 Qd6 $1 24. hxg6
Qxg6 25. Rg1 Rg4 $17) 23... Rc7 24. Qh2 Rxc3 25. Qe5 Rxb3+ 26. axb3 Qxb3+ 27.
Kc1 Qa3+ $10) 18... dxe5 19. Bh6 Bf6 $17 20. Re3 Bf5 21. h5 b5 22. Rd1 Qc8 23.
Qg2 a5 {/\ a4-a3} 24. Na1 Rg4 25. Qe2 Rh4 26. Nd5 Rxh5 27. Rc3 Qb8 28. Qd2 g5
$2 (28... Bg4 29. Rf1 Be6 30. Nc7 (30. Rxf6 $2 Rh1+ $19) 30... Bc4 $17) 29. Rf3
Bg4 $2 (29... Rxh6 30. Rxf5 Rg6 31. Nb3 Qa7 32. Qg2 Rc8 33. Nd2 {/\ Ne4+/-})
30. Rxf6 $18 Bxd1 31. Nxe7+ Kh8 32. Qxd1 Qa7 33. Nf5 Rg8 34. Rd6 Qa8 35. Qxh5
1-0

[Event "Szirak Interzonal"]
[Site "Szirak"]
[Date "1987.??.??"]
[Round "17"]
[White "Velimirovic, Dragoljub"]
[Black "Portisch, Lajos"]
[Result "0-1"]
[WhiteElo "2520"]
[BlackElo "2615"]
[Annotator "Boensch,U"]
[PlyCount "50"]
[EventDate "1987.07.??"]
[EventType "tourn"]
[EventRounds "17"]
[EventCountry "HUN"]
[EventCategory "12"]
[Source "ChessBase"]
[SourceDate "1988.04.01"]
[WhiteTeamCountry "YUG"]
[BlackTeamCountry "AUT"]

1. e4 c5 2. Nf3 d6 3. d4 cxd4 4. Nxd4 Nf6 5. Nc3 a6 6. Bc4 e6 7. Bb3 b5 8. Be3
Bb7 9. O-O Nbd7 10. f4 Rc8 $5 (10... b4) 11. f5 $6 (11. a4 $1 {Velimirovic,D})
11... e5 12. Ne6 $6 (12. Nde2 $5 Nxe4 13. Nxe4 Bxe4 14. Ng3 Bb7 15. Nh5 $132)
12... fxe6 13. fxe6 Nc5 14. Nd5 Bxd5 15. Bxd5 Be7 16. g4 O-O 17. g5 Nxd5 18.
Qxd5 Qc7 19. Rf5 Qb7 $17 20. Raf1 Rxf5 21. Rxf5 Qxd5 22. exd5 Rf8 23. Rxf8+
Kxf8 24. Bxc5 dxc5 25. h4 Ke8 0-1

[Event "Vrsac"]
[Site "Vrsac"]
[Date "1987.??.??"]
[Round "?"]
[White "Cvitan, Ognjen"]
[Black "Velimirovic, Dragoljub"]
[Result "1/2-1/2"]
[WhiteElo "2510"]
[BlackElo "2520"]
[PlyCount "57"]
[EventDate "1987.10.??"]
[EventType "tourn"]
[EventRounds "11"]
[EventCountry "YUG"]
[EventCategory "12"]
[Source "ChessBase"]
[SourceDate "1988.08.01"]
[WhiteTeamCountry "YUG"]
[BlackTeamCountry "AUT"]

1. d4 Nf6 2. c4 c5 3. d5 g6 4. Nc3 Bg7 5. e4 d6 6. Nf3 O-O 7. h3 a6 8. a4 Qa5
9. Bd2 e6 10. Be2 Qc7 11. O-O Nbd7 12. Bf4 e5 13. Bg5 Kh8 14. Qc2 Ng8 15. Bd3
Ndf6 16. Bd2 a5 17. Kh2 Qe7 18. Rae1 Nh5 19. Qd1 Bh6 20. g3 Bxd2 21. Qxd2 f5
22. exf5 gxf5 23. Ng5 h6 24. Nf3 Qf6 25. Nh4 Bd7 26. Qe2 Qg5 27. Nf3 Qg6 28.
Nh4 Qg5 29. Nf3 1/2-1/2

[Event "Vrsac"]
[Site "Vrsac"]
[Date "1987.??.??"]
[Round "?"]
[White "Damljanovic, Branko"]
[Black "Velimirovic, Dragoljub"]
[Result "1/2-1/2"]
[WhiteElo "2500"]
[BlackElo "2520"]
[PlyCount "123"]
[EventDate "1987.10.??"]
[EventType "tourn"]
[EventRounds "11"]
[EventCountry "YUG"]
[EventCategory "12"]
[Source "ChessBase"]
[SourceDate "1988.08.01"]
[WhiteTeamCountry "YUG"]
[BlackTeamCountry "AUT"]

1. Nf3 Nf6 2. c4 c5 3. Nc3 g6 4. e4 d6 5. d4 cxd4 6. Nxd4 Bg7 7. Be2 Nc6 8. Be3
O-O 9. O-O Bd7 10. f3 Nxd4 11. Bxd4 a5 12. Qd2 Bc6 13. Rab1 Nd7 14. Be3 Nc5 15.
Rfd1 Qb6 16. b3 Qb4 17. Nd5 Bxd5 18. exd5 Rfe8 19. Bf1 e6 20. Qf2 Qb6 21. a3
Qc7 22. dxe6 Rxe6 23. Qd2 Be5 24. g3 Qe7 25. Bf2 f5 26. Qd5 Kh8 27. Re1 Re8 28.
Rxe5 Rxe5 29. Bd4 Nd7 30. Qxb7 Kg8 31. Bxe5 dxe5 32. b4 axb4 33. axb4 Qd6 34.
Qd5+ Qxd5 35. cxd5 Nb6 36. Bb5 Rb8 37. Bc6 Kf7 38. Ra1 Ke7 39. Ra7+ Kd6 40. b5
Rd8 41. Rxh7 Nxd5 42. Bxd5 Kxd5 43. b6 Rd6 44. b7 Rb6 45. Kf2 Rb2+ 46. Ke3 Rb3+
47. Kd2 e4 48. fxe4+ Kxe4 49. Kc2 Rb6 50. Kc3 Kd5 51. h4 Rb1 52. Rd7+ Ke6 53.
Rg7 Kd5 54. Kc2 Rb6 55. Kd3 Rb3+ 56. Ke2 Ke5 57. Kd2 Kd5 58. Kc2 Rb6 59. Kd2
Rb3 60. Ke2 Ke5 61. Rxg6 Rxb7 62. h5 1/2-1/2

[Event "Vrsac"]
[Site "Vrsac"]
[Date "1987.??.??"]
[Round "?"]
[White "Georgiev, Kiril"]
[Black "Velimirovic, Dragoljub"]
[Result "0-1"]
[WhiteElo "2605"]
[BlackElo "2520"]
[PlyCount "42"]
[EventDate "1987.10.??"]
[EventType "tourn"]
[EventRounds "11"]
[EventCountry "YUG"]
[EventCategory "12"]
[Source "ChessBase"]
[SourceDate "1988.08.01"]
[WhiteTeamCountry "YUG"]
[BlackTeamCountry "AUT"]

1. e4 e5 2. Nf3 Nc6 3. Bb5 a6 4. Ba4 Nf6 5. O-O Be7 6. Re1 b5 7. Bb3 O-O 8. a4
b4 9. d4 d6 10. dxe5 Nxe5 11. Nxe5 dxe5 12. Qf3 Bb7 13. Nd2 a5 14. Nf1 Kh8 15.
Rd1 Qe8 16. Ng3 Nxe4 17. Nxe4 f5 18. Bd5 fxe4 19. Qxe4 Rd8 20. Be3 Qd7 21. c4
bxc3 0-1

[Event "Vrsac"]
[Site "Vrsac"]
[Date "1987.??.??"]
[Round "?"]
[White "Rajkovic, Dusan"]
[Black "Velimirovic, Dragoljub"]
[Result "0-1"]
[WhiteElo "2480"]
[BlackElo "2520"]
[PlyCount "104"]
[EventDate "1987.10.??"]
[EventType "tourn"]
[EventRounds "11"]
[EventCountry "YUG"]
[EventCategory "12"]
[Source "ChessBase"]
[SourceDate "1988.08.01"]
[WhiteTeamCountry "YUG"]
[BlackTeamCountry "AUT"]

1. Nf3 Nf6 2. c4 g6 3. Nc3 Bg7 4. e4 d6 5. d4 O-O 6. Be2 c5 7. O-O Nc6 8. d5
Na5 9. h3 a6 10. Bd2 Bd7 11. Re1 e5 12. Bf1 Rb8 13. Rb1 b6 14. b4 Nb7 15. a3
Ne8 16. Qc2 f5 17. exf5 Bxf5 18. Ne4 Bxh3 19. bxc5 Nxc5 20. Nxc5 bxc5 21. Ba5
Qc8 22. Rxb8 Qxb8 23. Rb1 Qc8 24. gxh3 Rxf3 25. Qa4 Rf8 26. Be1 e4 27. Bg2 Bd4
28. Qc2 Nf6 29. Rb6 Qc7 30. Qb3 Qe7 31. Qg3 Be5 32. Qg5 Qa7 33. Rb1 Rb8 34. Qc1
Bd4 35. Bd2 Rxb1 36. Qxb1 Qe7 37. Qe1 Qe5 38. a4 Kg7 39. a5 g5 40. Kf1 h5 41.
Qc1 Qf5 42. Be3 Kg6 43. Ke2 Qe5 44. Bd2 h4 45. Qb1 Qf5 46. Be1 g4 47. Qb3 Qf4
48. hxg4 Qxg4+ 49. Kf1 Qf4 50. Qh3 Ng4 51. Ke2 Bxf2 52. Bc3 Bg3 0-1

[Event "Vrsac"]
[Site "Vrsac"]
[Date "1987.??.??"]
[Round "?"]
[White "Rogers, Ian"]
[Black "Velimirovic, Dragoljub"]
[Result "0-1"]
[WhiteElo "2535"]
[BlackElo "2520"]
[PlyCount "100"]
[EventDate "1987.10.??"]
[EventType "tourn"]
[EventRounds "11"]
[EventCountry "YUG"]
[EventCategory "12"]
[Source "ChessBase"]
[SourceDate "1988.08.01"]
[WhiteTeamCountry "YUG"]
[BlackTeamCountry "AUT"]

1. e4 c5 2. Nf3 Nc6 3. c3 e6 4. d4 d5 5. e5 Qb6 6. a3 Nh6 7. b4 cxd4 8. Bxh6
gxh6 9. cxd4 Bd7 10. Be2 a5 11. b5 Ne7 12. Nc3 a4 13. O-O Qa5 14. Qd2 Nc8 15.
Rfc1 Nb6 16. h3 Rc8 17. Nh2 Nc4 18. Bxc4 Rxc4 19. Ng4 Bxb5 20. Qb2 Bc6 21. Nxd5
Rxc1+ 22. Rxc1 Bxd5 23. Nf6+ Ke7 24. Nxd5+ Qxd5 25. Qb4+ Ke8 26. Qxa4+ b5 27.
Rc8+ Kd7 28. Qc2 Qb7 29. Rc3 Be7 30. d5 exd5 31. Qf5+ Ke8 32. e6 Rf8 33. exf7+
Rxf7 34. Qe6 Kf8 35. Rc8+ Kg7 36. Qe5+ Bf6 37. Qg3+ Bg5 38. Qe5+ Bf6 39. Qe8
Kg6 40. Qe6 Qe7 41. Qg4+ Bg5 42. Rg8+ Rg7 43. Rxg7+ Kxg7 44. h4 Qe4 45. Qg3 Qf4
46. Qh3 Bxh4 47. g3 Qc1+ 48. Kg2 Be7 49. Qe6 Qc5 50. Qg4+ Kf8 0-1

[Event "Vrsac"]
[Site "Vrsac"]
[Date "1987.??.??"]
[Round "?"]
[White "Velimirovic, Dragoljub"]
[Black "Barlov, Dragan"]
[Result "1-0"]
[WhiteElo "2520"]
[BlackElo "2555"]
[PlyCount "80"]
[EventDate "1987.10.??"]
[EventType "tourn"]
[EventRounds "11"]
[EventCountry "YUG"]
[EventCategory "12"]
[Source "ChessBase"]
[SourceDate "1988.08.01"]
[WhiteTeamCountry "YUG"]
[BlackTeamCountry "AUT"]

1. e4 c5 2. Nf3 Nc6 3. d4 cxd4 4. Nxd4 Qb6 5. Nb3 Nf6 6. Nc3 e6 7. Bd3 a6 8.
O-O Qc7 9. a4 b6 10. f4 d6 11. Qf3 Bb7 12. Qh3 Be7 13. Bd2 Nb4 14. a5 d5 15.
axb6 Qxb6+ 16. Be3 Qc7 17. e5 Ne4 18. f5 exf5 19. Qxf5 O-O 20. Na5 Nxd3 21.
cxd3 Nxc3 22. bxc3 Bc8 23. Qf2 Qxc3 24. Bd4 Qxd3 25. Nc6 Bg5 26. h4 Bh6 27.
Rad1 Qc4 28. Ne7+ Kh8 29. Nf5 Bxf5 30. Qxf5 Qc8 31. Qh5 Qe6 32. Rf3 Qg6 33.
Qxg6 hxg6 34. g4 g5 35. h5 Kg8 36. Bc5 Rfd8 37. Rfd3 a5 38. Rxd5 Rxd5 39. Rxd5
a4 40. Ba3 g6 1-0

[Event "Vrsac"]
[Site "Vrsac"]
[Date "1987.??.??"]
[Round "?"]
[White "Velimirovic, Dragoljub"]
[Black "Ehlvest, Jaan"]
[Result "1/2-1/2"]
[WhiteElo "2520"]
[BlackElo "2540"]
[PlyCount "72"]
[EventDate "1987.10.??"]
[EventType "tourn"]
[EventRounds "11"]
[EventCountry "YUG"]
[EventCategory "12"]
[Source "ChessBase"]
[SourceDate "1988.08.01"]
[WhiteTeamCountry "YUG"]
[BlackTeamCountry "AUT"]

1. e4 e5 2. Nf3 Nc6 3. c3 Nf6 4. d4 Nxe4 5. d5 Nb8 6. Nxe5 Qe7 7. Qd4 Nd6 8.
Be2 Nf5 9. Qf4 g6 10. Nf3 Bh6 11. Qxf5 gxf5 12. Bxh6 Rg8 13. g3 Qd6 14. Bf4
Qxd5 15. c4 Qc6 16. Nc3 d6 17. O-O-O Be6 18. Rhe1 Rg6 19. Nd4 Qd7 20. c5 Nc6
21. Nxc6 bxc6 22. cxd6 cxd6 23. Rxd6 Qb7 24. Bf3 Rc8 25. Bh5 Rd8 26. Rxd8+ Kxd8
27. Bxg6 hxg6 28. h4 Ke7 29. Be3 f6 30. Rd1 Bd5 31. b3 Kf7 32. Kb2 a6 33. Rd4
Qd7 34. Ra4 Qb7 35. Rd4 Qd7 36. Ra4 Qb7 1/2-1/2

[Event "Vrsac"]
[Site "Vrsac"]
[Date "1987.??.??"]
[Round "?"]
[White "Velimirovic, Dragoljub"]
[Black "Ivanovic, Bozidar"]
[Result "1/2-1/2"]
[WhiteElo "2520"]
[BlackElo "2535"]
[PlyCount "36"]
[EventDate "1987.10.??"]
[EventType "tourn"]
[EventRounds "11"]
[EventCountry "YUG"]
[EventCategory "12"]
[Source "ChessBase"]
[SourceDate "1988.08.01"]
[WhiteTeamCountry "YUG"]
[BlackTeamCountry "AUT"]

1. e4 c6 2. d4 d5 3. Nc3 dxe4 4. Nxe4 Bf5 5. Ng3 Bg6 6. h4 h6 7. Nf3 Nd7 8. h5
Bh7 9. Bd3 Bxd3 10. Qxd3 e6 11. Bd2 Ngf6 12. O-O-O Qc7 13. Ne4 O-O-O 14. g3
Nxe4 15. Qxe4 Nf6 16. Qe2 Bd6 17. c4 c5 18. Kb1 cxd4 1/2-1/2

[Event "Vrsac"]
[Site "Vrsac"]
[Date "1987.??.??"]
[Round "?"]
[White "Velimirovic, Dragoljub"]
[Black "Popovic, Petar"]
[Result "1/2-1/2"]
[WhiteElo "2520"]
[BlackElo "2560"]
[PlyCount "29"]
[EventDate "1987.10.??"]
[EventType "tourn"]
[EventRounds "11"]
[EventCountry "YUG"]
[EventCategory "12"]
[Source "ChessBase"]
[SourceDate "1988.08.01"]
[WhiteTeamCountry "YUG"]
[BlackTeamCountry "AUT"]

1. e4 e5 2. Nf3 Nc6 3. Bb5 a6 4. Ba4 Nf6 5. Bxc6 dxc6 6. d3 Bd6 7. Nbd2 O-O 8.
Nc4 Re8 9. Bg5 b5 10. Ne3 Qe7 11. O-O h6 12. Bh4 Qe6 13. Nf5 Nh7 14. Bg3 Qf6
15. Nxd6 1/2-1/2

[Event "Vrsac"]
[Site "Vrsac"]
[Date "1987.??.??"]
[Round "?"]
[White "Velimirovic, Dragoljub"]
[Black "Tseshkovsky, Vitaly"]
[Result "1-0"]
[WhiteElo "2520"]
[BlackElo "2485"]
[PlyCount "125"]
[EventDate "1987.10.??"]
[EventType "tourn"]
[EventRounds "11"]
[EventCountry "YUG"]
[EventCategory "12"]
[Source "ChessBase"]
[SourceDate "1988.08.01"]
[WhiteTeamCountry "YUG"]
[BlackTeamCountry "AUT"]

1. e4 e5 2. Nf3 Nc6 3. Bb5 g6 4. c3 d6 5. d4 Bd7 6. Bg5 Be7 7. Bxe7 Qxe7 8. d5
Nd8 9. c4 Nf6 10. Bxd7+ Nxd7 11. Nc3 f6 12. Qe2 Nf7 13. O-O-O O-O-O 14. Nd2 f5
15. f3 Kb8 16. Nb3 fxe4 17. Nxe4 b6 18. Rd3 Nc5 19. Re3 Qd7 20. Kb1 Nxe4 21.
fxe4 Rdf8 22. Nc1 Nd8 23. Rf1 Rxf1 24. Qxf1 Qe7 25. Nd3 Rf8 26. Rf3 Rxf3 27.
Qxf3 Qf7 28. Qg4 c5 29. Kc2 Kc7 30. Qh4 Kd7 31. Kd2 Ke8 32. Ke2 Qe7 33. Qh6 Qf7
34. Nf2 Kd7 35. Nh3 Kc8 36. Qh4 Qd7 37. Ng5 h6 38. Nf3 Qa4 39. Nd2 Qd7 40. Qxh6
Qg4+ 41. Kf2 Qd1 42. b3 a6 43. Qe3 b5 44. Qe2 Qc1 45. Qg4+ Kc7 46. Ke2 bxc4 47.
Nxc4 Qc2+ 48. Nd2 c4 49. bxc4 Nb7 50. Qxg6 Nc5 51. Qf7+ Kd8 52. Qf3 Na4 53. Qf2
Nc3+ 54. Kf3 Qd1+ 55. Ke3 Qc2 56. Qe1 a5 57. h4 Nxa2 58. h5 Qc3+ 59. Kf2 Nb4
60. Qe3 Nd3+ 61. Kg3 Ke8 62. h6 Kf7 63. Nf3 1-0

[Event "Kassel op"]
[Site "Kassel"]
[Date "1988.??.??"]
[Round "?"]
[White "Piskov, Yury"]
[Black "Velimirovic, Dragoljub"]
[Result "1-0"]
[WhiteElo "2410"]
[BlackElo "2550"]
[PlyCount "71"]
[EventDate "1988.??.??"]
[EventType "swiss"]
[EventRounds "7"]
[EventCountry "GER"]
[Source "ChessBase"]
[SourceDate "1999.11.16"]
[WhiteTeamCountry "YUG"]
[BlackTeamCountry "AUT"]

1. d4 Nf6 2. c4 g6 3. Nc3 Bg7 4. e4 d6 5. f4 O-O 6. Nf3 c5 7. d5 e6 8. Be2 exd5
9. cxd5 Bg4 10. O-O Nbd7 11. a4 Re8 12. h3 Bxf3 13. Bxf3 h6 14. Kh1 Rc8 15. a5
c4 16. Ra4 b5 17. Nxb5 Nc5 18. Nxa7 Nxa4 19. Nxc8 Qxc8 20. Qxa4 Nxe4 21. Bxe4
Rxe4 22. a6 Qe8 23. Qxe8+ Rxe8 24. Rf3 Bd4 25. Kh2 Re1 26. Bd2 Rb1 27. Bb4 Rxb2
28. Bxd6 Rb5 29. Be5 Bxe5 30. fxe5 Rxd5 31. Ra3 Rd8 32. Kg3 Ra8 33. Kf3 c3 34.
Ke2 Rc8 35. Kd1 c2+ 36. Kc1 1-0

[Event "YUG-chT 40th"]
[Site "Brezovica"]
[Date "1988.??.??"]
[Round "?"]
[White "Deze, Anton"]
[Black "Velimirovic, Dragoljub"]
[Result "0-1"]
[WhiteElo "2395"]
[BlackElo "2550"]
[PlyCount "76"]
[EventDate "1988.??.??"]
[EventType ""]
[EventRounds "9"]
[EventCountry "YUG"]
[Source "ChessBase"]
[SourceDate "2008.11.26"]
[WhiteTeamCountry "YUG"]
[BlackTeamCountry "AUT"]

1. Nf3 Nf6 2. c4 g6 3. b3 Bg7 4. Bb2 O-O 5. e3 c5 6. Be2 b6 7. O-O Bb7 8. a3 d6
9. d3 Nc6 10. Nbd2 a6 11. Rc1 e5 12. Qc2 Re8 13. Ne4 d5 14. Nxf6+ Bxf6 15. cxd5
Qxd5 16. Rfd1 Na5 17. Bc3 Nc6 18. Bf1 Rac8 19. Qb2 Na7 20. Qa2 b5 21. Nd2 Nc6
22. Qa1 Be7 23. Qb1 Rc7 24. b4 Rec8 25. Ne4 cxb4 26. axb4 Ba8 27. Be1 f5 28.
Nc3 Qf7 29. Ne2 f4 30. exf4 exf4 31. d4 f3 32. gxf3 Qxf3 33. d5 Ne5 34. Rxc7
Rxc7 35. Qa2 Rc4 36. Bg2 Rg4 37. Ng3 Qxd1 38. d6+ Kg7 0-1

[Event "YUG-chT 40th"]
[Site "Brezovica"]
[Date "1988.??.??"]
[Round "?"]
[White "Jukic, Mirko"]
[Black "Velimirovic, Dragoljub"]
[Result "0-1"]
[WhiteElo "2450"]
[BlackElo "2550"]
[PlyCount "68"]
[EventDate "1988.??.??"]
[EventType ""]
[EventRounds "9"]
[EventCountry "YUG"]
[Source "ChessBase"]
[SourceDate "2008.11.26"]
[WhiteTeamCountry "YUG"]
[BlackTeamCountry "AUT"]

1. d4 Nf6 2. Nf3 g6 3. c4 Bg7 4. g3 O-O 5. Bg2 d6 6. O-O Nc6 7. d5 Na5 8. Nfd2
c5 9. Nc3 e5 10. e4 Ng4 11. h3 Nh6 12. b3 a6 13. Bb2 Rb8 14. Ne2 b5 15. Bc3 f6
16. Kh2 f5 17. exf5 Nxf5 18. Qc2 Nd4 19. Qd3 b4 20. Bb2 Rb7 21. Ne4 Bf5 22.
Nxd4 cxd4 23. f4 Bxe4 24. Bxe4 Rbf7 25. a3 bxa3 26. Bxa3 exf4 27. gxf4 Rxf4 28.
Rxf4 Rxf4 29. Bg2 Be5 30. Kh1 Rf2 31. Rf1 Rxf1+ 32. Bxf1 Qg5 33. Bb4 Qf4 34.
Kg2 Nxb3 0-1

[Event "YUG-chT 40th"]
[Site "Brezovica"]
[Date "1988.??.??"]
[Round "?"]
[White "Maksimovic, Branimir"]
[Black "Velimirovic, Dragoljub"]
[Result "0-1"]
[WhiteElo "2400"]
[BlackElo "2550"]
[PlyCount "86"]
[EventDate "1988.??.??"]
[EventType ""]
[EventRounds "9"]
[EventCountry "YUG"]
[Source "ChessBase"]
[SourceDate "2008.11.26"]
[WhiteTeamCountry "YUG"]
[BlackTeamCountry "AUT"]

1. d4 Nf6 2. c4 c5 3. d5 g6 4. Nc3 Bg7 5. e4 d6 6. Be2 O-O 7. Nf3 e6 8. O-O
exd5 9. cxd5 Re8 10. Nd2 Nbd7 11. a4 a6 12. Ra3 Qc7 13. Qc2 b6 14. f4 Rb8 15.
Kh1 c4 16. Nxc4 b5 17. axb5 axb5 18. Nxd6 Qxd6 19. e5 Qc5 20. b4 Qxb4 21. exf6
Nxf6 22. Rb3 Qc5 23. Rxb5 Rxb5 24. Bxb5 Bf5 25. Qd2 Ne4 26. Nxe4 Qxb5 27. Ng3
Rc8 28. Qd1 Bd3 29. Re1 Qxd5 30. Qf3 Qxf3 31. gxf3 f5 32. Be3 h5 33. Rd1 Rc3
34. Bf2 Bf6 35. Kg2 h4 36. Nf1 Be2 37. Rd6 h3+ 38. Kg1 Rc1 39. Be1 Rxe1 40. Kf2
Bh4+ 41. Ng3 Rh1 42. Kxe2 Rxh2+ 43. Kf1 Kg7 0-1

[Event "YUG-chT 40th"]
[Site "Brezovica"]
[Date "1988.??.??"]
[Round "?"]
[White "Velimirovic, Dragoljub"]
[Black "Barle, Janez"]
[Result "1/2-1/2"]
[WhiteElo "2550"]
[BlackElo "2425"]
[PlyCount "131"]
[EventDate "1988.??.??"]
[EventType ""]
[EventRounds "9"]
[EventCountry "YUG"]
[Source "ChessBase"]
[SourceDate "2008.11.26"]
[WhiteTeamCountry "YUG"]
[BlackTeamCountry "AUT"]

1. e4 e5 2. Nf3 Nc6 3. Bb5 Nd4 4. Nxd4 exd4 5. O-O Bc5 6. Qh5 Qe7 7. d3 Nf6 8.
Qh4 c6 9. Ba4 d6 10. c4 O-O 11. a3 a5 12. Bg5 h6 13. Bxf6 Qxf6 14. Qxf6 gxf6
15. Nd2 Bd7 16. f4 b5 17. cxb5 cxb5 18. Bb3 Be6 19. Bd5 Bxd5 20. exd5 f5 21.
Rfe1 Rfe8 22. Nf3 Kg7 23. Rxe8 Rxe8 24. Re1 Rb8 25. Rc1 a4 26. Kf2 b4 27. axb4
Rxb4 28. Rc2 Rb5 29. Ke2 Bb6 30. Kd1 Rxd5 31. Rc4 Ra5 32. Nxd4 Rd5 33. Nc2
Rxd3+ 34. Kc1 Bg1 35. h3 Rg3 36. Rxa4 Rxg2 37. b4 Rg3 38. Ra6 Rxh3 39. Rxd6 Bh2
40. Rd4 Rf3 41. Kd1 Rxf4 42. Rxf4 Bxf4 43. b5 Bc7 44. Ne3 f4 45. Nd5 Bd6 46.
Ke2 Kg6 47. Kf3 Kf5 48. Nc3 Ke6 49. b6 Kd7 50. b7 Kc6 51. Ne4 Be5 52. Nf6 Kxb7
53. Ng4 Bg7 54. Kxf4 Kc6 55. Kf5 Kd7 56. Nh2 Ke7 57. Nf1 Bd4 58. Nh2 Kf8 59.
Nf3 Bc3 60. Nh2 Kg7 61. Nf3 Bf6 62. Nh2 h5 63. Nf3 h4 64. Kf4 Kf8 65. Kf5 Kg7
66. Kf4 1/2-1/2

[Event "YUG-chT 40th"]
[Site "Brezovica"]
[Date "1988.??.??"]
[Round "?"]
[White "Velimirovic, Dragoljub"]
[Black "Cekro, Ekrem"]
[Result "0-1"]
[WhiteElo "2550"]
[BlackElo "2435"]
[PlyCount "74"]
[EventDate "1988.??.??"]
[EventType ""]
[EventRounds "9"]
[EventCountry "YUG"]
[Source "ChessBase"]
[SourceDate "2008.11.26"]
[WhiteTeamCountry "YUG"]
[BlackTeamCountry "AUT"]

1. e4 d6 2. d4 Nf6 3. Nc3 g6 4. f4 Bg7 5. e5 dxe5 6. dxe5 Qxd1+ 7. Kxd1 Ng4 8.
Ke1 f6 9. h3 Nh6 10. exf6 exf6 11. g4 Be6 12. Nf3 Nc6 13. Bb5 Bd7 14. Rh2 O-O-O
15. Re2 Rhe8 16. Bc4 Na5 17. Bd3 f5 18. g5 Nf7 19. Be3 Be6 20. Kf2 Nc4 21. Bc1
Nfd6 22. Nd2 Bd4+ 23. Kg3 Bf7 24. Nxc4 Bxc4 25. Rxe8 Rxe8 26. Bd2 Bxc3 27. bxc3
Ne4+ 28. Bxe4 Rxe4 29. a3 Re2 30. Rd1 b6 31. Kf3 a5 32. h4 a4 33. Kg3 Ba6 34.
Be1 Rxc2 35. Rd4 Bb7 36. Rd3 Be4 37. Re3 c5 0-1

[Event "YUG-chT 40th"]
[Site "Brezovica"]
[Date "1988.??.??"]
[Round "?"]
[White "Velimirovic, Dragoljub"]
[Black "Drasko, Milan"]
[Result "0-1"]
[WhiteElo "2550"]
[BlackElo "2465"]
[PlyCount "94"]
[EventDate "1988.??.??"]
[EventType ""]
[EventRounds "9"]
[EventCountry "YUG"]
[Source "ChessBase"]
[SourceDate "2008.11.26"]
[WhiteTeamCountry "YUG"]
[BlackTeamCountry "AUT"]

1. e4 e6 2. d4 d5 3. Nc3 Nf6 4. e5 Nfd7 5. f4 c5 6. Nf3 Nc6 7. Be3 a6 8. Qd2 b5
9. dxc5 Bxc5 10. Ne2 Qb6 11. Nfd4 f6 12. O-O-O fxe5 13. fxe5 O-O 14. Re1 Nxd4
15. Nxd4 b4 16. Nb3 Bxe3 17. Qxe3 Qxe3+ 18. Rxe3 Rf5 19. Bd3 Rxe5 20. Rhe1 Rxe3
21. Rxe3 Nf6 22. Nd4 Kf7 23. Nf3 Ke7 24. Ne5 a5 25. g4 h6 26. Bg6 Bb7 27. h4 d4
28. Re1 Bd5 29. Rf1 Kd6 30. Nf7+ Kc5 31. g5 hxg5 32. hxg5 Nd7 33. Re1 a4 34. a3
bxa3 35. bxa3 Rf8 36. Bh5 Nb6 37. g6 Nc4 38. Bg4 Rb8 39. Bxe6 Nxa3 40. Kd2 Nc4+
41. Kd3 Re8 42. Ng5 a3 43. c3 Nb2+ 44. Kd2 d3 45. c4 Nxc4+ 46. Kxd3 a2 47. Rc1
Bxe6 0-1

[Event "YUG-chT 40th"]
[Site "Brezovica"]
[Date "1988.??.??"]
[Round "?"]
[White "Velimirovic, Dragoljub"]
[Black "Lalic, Bogdan"]
[Result "1-0"]
[WhiteElo "2550"]
[BlackElo "2495"]
[PlyCount "99"]
[EventDate "1988.??.??"]
[EventType ""]
[EventRounds "9"]
[EventCountry "YUG"]
[Source "ChessBase"]
[SourceDate "2008.11.26"]
[WhiteTeamCountry "YUG"]
[BlackTeamCountry "AUT"]

1. e4 e6 2. d4 d5 3. Nc3 Nf6 4. e5 Nfd7 5. f4 c5 6. Nf3 Nc6 7. Be3 cxd4 8. Nxd4
Bc5 9. Qd2 O-O 10. O-O-O a6 11. Nf3 b5 12. Bxc5 Nxc5 13. Bd3 b4 14. Ne2 Qb6 15.
Kb1 Rb8 16. Qe1 h6 17. g4 a5 18. g5 Nxd3 19. cxd3 h5 20. Qg1 Qxg1 21. Rhxg1 Ne7
22. Ng3 g6 23. Nd4 a4 24. Kc1 Ba6 25. Kd2 Rfc8 26. Rc1 Kf8 27. Nge2 Ke8 28.
Rxc8+ Rxc8 29. Rc1 Rxc1 30. Nxc1 Kd7 31. a3 Nc6 32. Ke3 bxa3 33. bxa3 Na5 34.
Kd2 Kc7 35. Kc3 Kb6 36. Kb4 Nb7 37. Nde2 Nc5 38. d4 Ne4 39. Kxa4 Nd2 40. Kb4
Nf1 41. h3 h4 42. f5 gxf5 43. Nf4 Ng3 44. Nb3 Be2 45. Nc5 Bd1 46. g6 fxg6 47.
Ncxe6 Kc6 48. Nxg6 Ne2 49. Ngf4 Ng1 50. Ng5 1-0